MDQL
is popping MORE tags! Check the
thread
!
Quizzes
Events
Quiz Creation
Community
Videos
Private Events
Remove Ads
Sign In
Join for FREE
Feedback
Dark Mode
Quiz Categories
Sports
Geography
Music
Movies
Television
Just For Fun
Miscellaneous
History
Literature
Language
Science
Gaming
Entertainment
Religion
Holiday
For Kids
Quiz Lab
Recent
Popular Today
Quiz Kudos Today
Editor Picks
Curator Picks
Quizzes by...
Day
Popularity
Type
Ratings
Length
Year
Community
Subscriptions
Recent Discussions
Orange Saloon
Badges
Playlists
Quests
Create
Leaderboards
Showdown
Live 5
Trivia Bingo
Activity
Puzzle Library
Sporcle Events
Private Events
Virtual Trivia
Globe League
Become a Host
Pub Owners
SporcleCon
Opinionation
Our Games
Videos
Blog
Mobile Apps
Partnerships
Remove Ads and Go Orange
Feedback
Geography
Country
Landmarks
City
State
Population
World
Capital
Continent
Flags
Europe
Africa
Asia
South America
North America
Oceania
Border
Canada
United Kingdom
Topography
United States
Geography
Country
Landmarks
City
State
Population
World
Capital
Continent
Flags
Europe
Africa
Asia
South America
North America
Oceania
Border
Canada
United Kingdom
Topography
United States
Random Quiz
Search Sporcle
×
Quiz Lab
Quiz Lab
Geography
City
Type in answers that appear in a list
Type in answers that appear in a list
Classic
Best Score? Go Orange.
Cities of Australia and New Zealand by Photo Stats
Can you name the Cities of Australia and New Zealand by Photo?
By
davo499
10m
30 Questions
262 Plays
262 Plays
262 Plays
Comments
Comments
Give Quiz Kudos
Give Quiz Kudos
-
- Ratings
hide this ad
More Info
Forced Order
Answers have to be entered in order
Answers have to be entered in order
Replay
Link that replays current quiz
Next Quiz
Link to next quiz in quiz playlist
You Got
0%
They Got
Avg Score
49%
Avg Friend Score
Upgrade to see
Score Distribution
Jump to the score distribution portion of the page
Score
0/30
Timer
10:00
0
Plays Today
Number
City
% Correct
4
Auckland
87.4%
13
Sydney
82.8%
30
Sydney
70.6%
5
Gold Coast
66.4%
7
Brisbane
65.3%
6
Melbourne
64.1%
12
Canberra
59.5%
8
Perth
56.1%
26
Wellington
56.1%
14
Wellington
54.6%
16
Melbourne
54.6%
18
Perth
53.4%
17
Canberra
53.1%
23
Christchurch
52.7%
2
Sydney
50.8%
Number
City
% Correct
3
Christchurch
49.2%
24
Melbourne
49.2%
28
Brisbane
48.5%
9
Adelaide
46.6%
15
Alice Springs
45.4%
27
Auckland
45%
22
Sydney
44.3%
20
Brisbane
36.6%
29
Canberra
32.8%
1
Hobart
32.4%
11
Adelaide
29%
21
Darwin
27.5%
19
Hobart
25.6%
25
Cairns
25.6%
10
Townsville
20.6%
Quiz Playlist
Details
Report
Send in Message
Add To Playlist
More Info:
several cities are used more than once
Classic:
Type in answers that appear in a list
Forced Order:
Answers have to be entered in order
Last Updated: Feb 16, 2017
Quiz Scoreboard
CHALLENGE
Sign Up to Join the Scoreboard
Show All
Scores
Hide
Comments
May contain spoilers
Recently Published
1-10 Letter E Words III
by El_Dandy
Language
2m
Street Fighter Characters
by Artimus82
Gaming
60s
College Basketball Coaching Resumes
by pancakes188
Sports
9m
More to Explore
Quiz From the Vault
Featured Blog Post
Where Did the Easter Bunny Come From?
hide this ad
You Might Also Like...
Tags
City Quiz
Oceania Quiz
Australia
Australian
Image Quiz
New Zealand
Today's Top Quizzes in Geography
Browse Geography
hide this ad
Today's Top Quizzes in City
Browse City
Top Contributed Quizzes in Geography
1
Countries of the World - No Outlines Minefield
2
Top 25 Cities of France on a map
3
Any capital of a 'B' country per Continent
4
Any capital of a 'C' country per Continent
5
Closest Countries to UK A-Z
6
Any capital of a 'D' country per Continent
7
5-to-1: US Geography No Hints
8
Any capital of an 'E' country per Continent
9
Find the US States - No Outlines
10
Any capital of an 'F' country per Continent
Explore More
Trending Topics
Kpop
NBA
Marvel
Harry Potter
Crossword
Disney
Anime
Puzzle
NFL
Pokémon
The Office
Soccer
WWE
Song
Country
hide this ad
More By:
davo499
Quiz
Plays
Rating
Category
Featured
Created
Australian General Knowledge
4,655
3.70
Geography
Jan 8, 2010
Australian Cities [2010 Est]
2,396
4.50
Geography
Oct 17, 2009
Australian Football League Premiers
1,964
4.40
Sports
Oct 2, 2009
Melbourne Cup Winners
1,867
5.00
Sports
Nov 3, 2009
Streets of Melbourne's Grid
1,797
4.50
Geography
Oct 14, 2009
Go to Creator's Profile
Score Distribution
Quiz Creator Spotlight
davo499
Follow
Send a Message
Quizzes Created
-
Created Quiz Play Count
-
More By This Creator
Popular Quizzes Today
1
Find the US States - No Outlines Minefield
2
Find the Countries of Europe - No Outlines Minefield
3
The Countries of the World
4
Find the US States
5
Risky Map Clicking: Biggest States A-Z
6
US States
7
Popular People in 1961
8
Movies - When Are They Set?
More Geography Quizzes
Cameroon UNESCO WHS
Quiz Lab
Trending Quizzes
Risky Map Clicking: Least Populous States A-Z
1-10 Letter G Words
1-10 Letter F Words
Countries of the World: 200 Million BC
Risky Map Clicking: Next State Alphabetically
Recently Updated
Most Oscar Losses (Acting)
pecheneg
Beyoncé Albums
pecheneg
Leaping Animals
pecheneg
Reality TV Shows (A-Z)
bhenderson79
Rickey Henderson's Hall of Fame Teammates
pecheneg
Champions League XIs: Arsenal
pecheneg
Quick Pick: Celebrities in WWE's Hall of Fame
aduchscher
A-Z Keypad Blitz II
pecheneg
Multiple Oscar Actors
pecheneg
Mystery Phrase Blitz: Oscar 'Best Actors'
pecheneg
Trending Topics
Disney
NBA
Kpop
Marvel
Harry Potter
Crossword
Anime
WWE
The Office
Country
NFL
Soccer
Puzzle
Pokémon
Song
Your Account Isn't Verified!
In order to create a playlist on Sporcle, you need to verify the email address you used during registration. Go to your
Sporcle Settings
to finish the process.
Report this User
Report this user for behavior that violates our
Community Guidelines
.
Details:
Send Report
Go to the Sporcle.com Mobile Site →
Comments